|
|
|
|
| LEADER |
00000nab a2200000 a 4500 |
| 001 |
vtls000683976 |
| 003 |
SK-MaSNL |
| 005 |
20260303202935.0 |
| 008 |
180206c1999 xo 0 slo |
| 015 |
|
|
|a SNBRB1999/01-02168
|
| 035 |
|
|
|a CLN000036143
|
| 040 |
|
|
|a SNKBUCL
|b slo
|c SNKBUCL
|e AACR2
|
| 041 |
0 |
|
|a slo
|
| 044 |
|
|
|a xo
|c SK
|
| 080 |
|
|
|a 328.131(437.6)
|2 UDC-MRF-SK2
|
| 100 |
1 |
|
|a Dzurinda, Mikuláš,
|d 1955-
|4 aut
|9 192399
|
| 245 |
1 |
0 |
|a Zvládnutie úloh roku 1999 si vyžaduje jednotu, zodpovednosť a solidaritu občanov
|b z novoročného prejavu predsedu vlády SR Mikuláša Dzurindu
|
| 610 |
1 |
7 |
|a Slovensko.
|b Premiér (1998-2006 : Dzurinda)
|2 snkbucl
|9 165721
|
| 655 |
|
7 |
|a články z novín a časopisov
|2 snkbucl
|9 267496
|
| 773 |
0 |
|
|t Sme
|g Roč. 7 a 52, č. 1 (2.1.1999), s. 4
|
| 850 |
|
|
|a Slovenská národná knižnica v Martine
|
| 852 |
|
|
|a SNK
|b KIS3GCP
|
| 958 |
|
|
|a RBX
|
| 999 |
|
|
|c 2182849
|d 2184779
|